Statistics for Biggest City in each U.S. State by Letter H

Click here to take the quiz!

General Stats

  • This quiz has been taken 448 times
  • The average score is 8 of 15

Answer Stats

StatePopulationCity% Correct
Hawaii337.256Honolulu
98%
Texas2.099.450Houston
97%
Connecticut124.775Hartford
89%
Nevada257.729Henderson
82%
Alabama180.105Huntsville
82%
Florida238.942Hialeah
69%
California189.992Huntington Beach
63%
Virginia146.437Hampton
48%
Oregon91.611Hillsboro
41%
North Carolina104.371High Point
35%
New Jersey50.005Hoboken
28%
Indiana80.830Hammond
26%
Ohio62.174Hamilton
23%
Tennessee51.372Hendersonville
15%
Massachusetts60.879Haverhill
13%

Score Distribution

Percentile by Number Answered

Percent of People with Each Score

Your Score History

You have not taken this quiz